J W Childers Trustees v Anker (Record no. 6292)

MARC details
000 -LEADER
fixed length control field 01704cab a2200253 4500
001 - CONTROL NUMBER
control field ABS54371
008 - FIXED-LENGTH DATA ELEMENTS--GENERAL INFORMATION
fixed length control field 090401t1996 xxu||||| |||| 00| 0 eng d
035 ## - SYSTEM CONTROL NUMBER
System control number (Sirsi) u10009
041 ## - LANGUAGE CODE
Language code of text/sound track or separate title eng
245 ## - TITLE STATEMENT
Title J W Childers Trustees v Anker
260 ## - PUBLICATION, DISTRIBUTION, ETC.
Date of publication, distribution, etc. 1996
350 ## - PRICE (NR) (BK AM CF MU VM SE) [OBSOLETE]
Price 0
490 ## - SERIES STATEMENT
Series statement Estates Gazette
Volume/sequential designation 1996 01 EG 102-108(7)
520 ## - SUMMARY, ETC.
Summary, etc. CA 29 June 1995. Appellant tenant (A) rented two parcels of land from respondent landlord (C) on an annual tenancy agreement. At the 1982 and 1985 rent reviews, A agreed to pay a single aggregate rent for both pieces of land. The landlord`s record was amended to show one parcel of land without informing the tenant. In 1989, the tenant entered into a management agreement with the Nature Conservancy Council following the land`s designation as a Site of Special Scientific Interest. At CC proceedings to determine the statement of case by appointed arbitrator in connection with the 1990 rent review, it was stated that the rent was to be fixed on the basis of one holding and that the marriage value of the holding with the other land was a relevant consideration. On appeal, the 1982 and 1985 rental agreements were deemed not to be surrenders of previous tenancies with original agreements remaining in force. Marriage value is considered as a relevant factor under Agricultural Holdings Act 19
650 ## - SUBJECT ADDED ENTRY--TOPICAL TERM
Topical term or geographic name entry element AGRICULTURAL HOLDINGS ACT 1986
650 ## - SUBJECT ADDED ENTRY--TOPICAL TERM
Topical term or geographic name entry element AGRICULTURAL RENTS
650 ## - SUBJECT ADDED ENTRY--TOPICAL TERM
Topical term or geographic name entry element PROPERTY-LANDLORD AND TENANT-TENANCIES-AGRICULTURAL TENANCIES
650 ## - SUBJECT ADDED ENTRY--TOPICAL TERM
Topical term or geographic name entry element MANAGEMENT AGREEMENTS
650 ## - SUBJECT ADDED ENTRY--TOPICAL TERM
Topical term or geographic name entry element MARRIAGE VALUE
650 ## - SUBJECT ADDED ENTRY--TOPICAL TERM
Topical term or geographic name entry element RENT REVIEWS
690 ## - LOCAL SUBJECT ADDED ENTRY--TOPICAL TERM (OCLC, RLIN)
Topical term or geographic name as entry element LANDLORD AND TENANT-CASE LAW-AGRICULTURAL TENANCIES
942 ## - ADDED ENTRY ELEMENTS (KOHA)
Suppress in OPAC 0
948 ## - LOCAL PROCESSING INFORMATION (OCLC); SERIES PART DESIGNATOR (RLIN)
c (OCLC) 04/03/1997
Holdings
Withdrawn status Lost status Source of classification or shelving scheme Damaged status Not for loan Home library Current library Shelving location Date acquired Total Checkouts Full call number Barcode Date last seen Copy number Price effective from Koha item type
    Dewey Decimal Classification     London London Journal article 14/09/1999   ABS54371 10009-1001 06/08/2019 1 06/08/2019 Law report